Th-PhD-Development of virosome based antiviral strategies against influenza virus (Record no. 330445)

000 -LEADER
fixed length control field nam a22 7a 4500
003 - CONTROL NUMBER IDENTIFIER
control field ASAB
005 - DATE AND TIME OF LATEST TRANSACTION
control field 20170713125318.0
008 - FIXED-LENGTH DATA ELEMENTS--GENERAL INFORMATION
fixed length control field 170713b xxu||||| |||| 00| 0 eng d
040 ## - CATALOGING SOURCE
Transcribing agency ASAB
082 ## - DEWEY DECIMAL CLASSIFICATION NUMBER
Classification number Thesis 2016 MMB
100 ## - MAIN ENTRY--PERSONAL NAME
Personal name Mustafeez Mujtaba Babar
9 (RLIN) 3268
245 ## - TITLE STATEMENT
Title Th-PhD-Development of virosome based antiviral strategies against influenza virus
Statement of responsibility, etc. Mustafeez Mujtaba Babar-sup-Dr. Najam us Sahar Sadaf Zaidi
260 ## - PUBLICATION, DISTRIBUTION, ETC.
Place of publication, distribution, etc. Islamabad
Name of publisher, distributor, etc. Atta Ur Rahman School of Applied Bioscience NUST.
Date of publication, distribution, etc. 2016
300 ## - PHYSICAL DESCRIPTION
Extent 218 P.
630 ## - SUBJECT ADDED ENTRY--UNIFORM TITLE
Uniform title Influenza Virus
9 (RLIN) 3269
942 ## - ADDED ENTRY ELEMENTS (KOHA)
Source of classification or shelving scheme
Koha item type
Holdings
Withdrawn status Lost status Source of classification or shelving scheme Damaged status Not for loan Collection code Permanent Location Current Location Date acquired Total Checkouts Full call number Barcode Date last seen Price effective from Koha item type
            Atta-ur-Rahman School of Applied Biosciences (ASAB) Atta-ur-Rahman School of Applied Biosciences (ASAB) 07/13/2017   Thesis 2016 MMB ASABPHD24 07/13/2017 07/13/2017 Thesis
            Atta-ur-Rahman School of Applied Biosciences (ASAB) Atta-ur-Rahman School of Applied Biosciences (ASAB) 07/13/2017   Thesis 2016 MMB ASABPHD25 07/13/2017 07/13/2017 Thesis
© 2023 Central Library, National University of Sciences and Technology. All Rights Reserved.